Advances in physics: X

Detalles Bibliográficos
Formato: Electrónico Revista
Lenguaje:inglés
Publicado: Oxford, Oxfordshire, UK : Taylor & Francis, 2016-
Materias:
Acceso en línea:Full text available from Research Library: 02/01/2016 to 12/31/2017
Full text available from Research Library: 01/01/2019 to present

MARC

LEADER 00000nas a2200000 i 4500
001 ssj0001670803
003 WaSeSS
005 20200512172242.0
006 m d
007 cr n
008 140904c20169999enkqr p s 0 a0eng
010 |a  2014202743 
015 |a GBB666022  |2 bnb 
016 7 |a 017748215  |2 Uk 
022 |a 2374-6149 
035 |a (WaSeSS)ssj0001670803 
037 |b Taylor & Francis, Ltd., 4 Park Square, Milton Park, Abingdon, Oxfordshire, OX14 4RN, UK  |c open access title (author pays a publication fee of $1100 on acceptance) 
040 |a DLC  |b eng  |e pn  |c DLC  |d DLC  |d CUS  |d OCLCF  |d DLC  |d UKMGB  |d VT2  |d UAB  |d U3W  |d COO  |d WaSeSS 
042 |a pcc  |a nsdp 
050 0 0 |a QC1 
082 1 0 |a 530  |2 23 
222 0 |a Advances in physics: X 
245 0 0 |a Advances in physics: X  |h [electronic resource]. 
260 |a Oxford, Oxfordshire, UK :  |b Taylor & Francis,  |c 2016- 
310 |a Quarterly 
362 1 |a Began with Volume 1, issue 1 (2016) 
506 |a License restrictions may limit access. 
588 |a Description based on Volume 1, issue 1 (2016); title from journal home page (Taylor & Francis website, viewed on September 26, 2016). 
588 |a Latest issue consulted: Volume 4, issue 1 (2019) (Taylor & Francis online, viewed on November 3, 2018). 
650 0 |a Physics  |v Periodicals. 
650 7 |a Physics.  |2 fast  |0 (OCoLC)fst01063025 
655 0 |a Electronic journals. 
850 |a DLC 
856 4 0 |z Full text available from Research Library: 02/01/2016 to 12/31/2017  |u https://search.proquest.com/publication/3933228 
856 4 0 |z Full text available from Research Library: 01/01/2019 to present  |u https://search.proquest.com/publication/3933228